Statistiques concernant Personnages principaux de Mario

Cliquez ici pour prendre le quiz!

Statistiques générales

  • Ce quiz a été pris 171 fois
  • Le résultat moyen est 14 sur 17

Statistiques - réponses

IndicePersonnage% Correct
Personnage principalMario
100%
Son frèreLuigi
99%
Le grand méchantBowser
97%
PrincessePeach
96%
DinosaureYoshi
91%
SingeDonkey Kong
88%
PrincesseDaisy
86%
Homme champignonToad
86%
Rival du perso principalWario
86%
Son acolyteWaluigi
85%
Princesseharmonie
82%
Femme ChampignonToadette
82%
Son filsBowser Junior
71%
Son cousinDiddy Kong
67%
SqueletteSkelerex
58%
Sorcier KoopaKamek
44%
ChenilleWiggler
42%

Distribution des résultats

Percentile par nombre de réponses

% des personnes avec chaque résultat

Votre développement - résultats

Vous n’avez pas pris ce quiz